Trade and environment policies and perspectives for less developed countries : (Record no. 75425)

MARC details
000 -LEADER
fixed length control field 00769nam a22002057a 4500
005 - DATE AND TIME OF LATEST TRANSACTION
control field 20130514120354.0
010 ## - LCCN (DPL NO)
LC control number ENG-107098
020 ## - INTERNATIONAL STANDARD BOOK NUMBER
International Standard Book Number 9789350700204
Terms of availability 500.00
035 ## - SYSTEM CONTROL NUMBER
System control number EN-90631
037 ## - SOURCE OF ACQUISITION
Source of stock number/acquisition DBAD/PUB
082 ## - DEWEY DECIMAL CLASSIFICATION NUMBER
Classification number 337.091724
245 10 - TITLE STATEMENT
Title Trade and environment policies and perspectives for less developed countries :
Statement of responsibility, etc edited by Sarita Agrawal [and] Sarah Ahmed
Remainder of title papers presented at the UGC sponsored national seminar held during March 16-17, 2001 /
260 ## - PUBLICATION, DISTRIBUTION, ETC. (IMPRINT)
Place of publication, distribution, etc Haryana
Name of publisher, distributor, etc Shanti Prakashan
Date of publication, distribution, etc 2012
270 ## - ADDRESS
Address 1780, Sector-1, Delhi By-pass
City Rohtak
Postal code 124001
300 ## - PHYSICAL DESCRIPTION
Extent 206p.
Dimensions 22cm(Hb)
500 ## - GENERAL NOTE
General note Includes bibliographical references
700 ## - ADDED ENTRY--PERSONAL NAME
Personal name Agrawal, Sarita
700 ## - ADDED ENTRY--PERSONAL NAME
Personal name Sarah Ahmed
942 ## - ADDED ENTRY ELEMENTS (KOHA)
Source of classification or shelving scheme Dewey Decimal Classification
Item type English Books
Call number suffix TRA
Classification part 337.091724
Holdings
Withdrawn status Lost status Not for loan Collection code Home library Current library Date acquired Source of acquisition Cost, normal purchase price Full call number Barcode Copy number Cost, replacement price Koha item type
    Not For Loan Non-fiction D.B.Act.Division D.B.Act.Division 10/05/2013 DBAD/PUB 500.00 337.091724 TRA EN-90631 1 500.00 English Books

© Delhi Public Library
Hit Counter
free hit counter